00429nam a22001097a 4500008004100000040005500041080003500096245009400131260005900225300001000284500002500294240715b |||||||| |||| 00| 0 eng d aNational Science LibrarycNational Science Library aR 05(083.8):002.6(430.2)bJ9.4 aGesamtverzeichnis: bDer in den dokumentationsstellen der ddr ausgewerteten zeitschriften aBerlin: bDeutsche Akademie Der Wissenschaften, c1959 a783p. aIII. Verzeichnis V-Z